000 00341nam a2200133Ia 4500
008 240521s1999 xx 000 0 und d
020 _a81-239-0298-0
041 _aeng
082 _a910.2
100 _aLITTLEWOOD M.
245 _aLANDSCAPE DETAILING VOLL- I ENCLOSURE IIIRD EDTION.
260 _bC.B.S PUBLISHERS
_c1999
300 _a193
999 _c1157870
_d1157870